000 00628nam a22002297a 4500
001 87710
003 UA-OsUOA
005 20211108223935.0
007 ta
008 20120921b un ||||| |||| 00| 0 ukr d
040 _aUA-OsUOA
_brus
_cUA-OsUOA
_dUA-OsUOA
041 _arus
080 _a94(470+571)
090 _a94(470+571)
_bЮ78
100 _aЮровская Е. Е.
245 _aПрактикум по новой истории (1870-1917)
_bучебное пособие
260 _aМ.
_bВысшая школа
_c1967
300 _a398 с.
650 7 _a94 Історія
_2UDC
942 _cBK
_2udc
955 _a2
999 _c374018
_d374018